| 000 | 00572nam a22001937a 4500 | ||
|---|---|---|---|
| 003 | OSt | ||
| 005 | 20260327064415.0 | ||
| 008 | 260327b |||||||| |||| 00| 0 eng d | ||
| 020 | _a978-621-417-121-7 | ||
| 040 |
_aDWCL - Main Lib _cOC |
||
| 082 | _aFil. 330 K93 2018 | ||
| 100 | _aLopez, Judy Mylene | ||
| 245 |
_aKronika : _bEkonomiks 9 / _cJodi Mylene Lopez |
||
| 260 |
_aMakati City ,Philippines: _bDon Bosco Press, _cc2018. |
||
| 300 |
_aix, 232 p. _bcol. ill. _c26cm. |
||
| 504 | _aI. Includes Appendix. | ||
| 650 | _a1. Economics. | ||
| 942 |
_2ddc _cBK - FIL _mFil. _n0 |
||
| 999 |
_c9291 _d9291 |
||